| 000 | 02701cam a2200481 i 4500 | ||
|---|---|---|---|
| 999 |
_c200446953 _d65165 |
||
| 001 | 200446953 | ||
| 003 | TR-AnTOB | ||
| 005 | 20240527161247.0 | ||
| 007 | ta | ||
| 008 | 011122s2001 tu a 000 0 tur d | ||
| 020 | _a9751928532 (v. 1) | ||
| 020 | _a9751928540 (v. 2) | ||
| 020 | _a9751928559 (v. 3) | ||
| 020 | _a9751928508 (v. 4) | ||
| 035 | _a(TR-AnTOB)200446953 | ||
| 040 |
_aBGZ _beng _erda _cBGZ _dTR-AnTOB |
||
| 041 | 0 | _atur | |
| 050 | 4 |
_aHD9506.T8 _bM332 2001 |
|
| 090 |
_aHD9506.T8 _bM332 2001 |
||
| 245 | 1 | 0 |
_aMadencilik Özel İhtisas Komisyonu raporu : _bEndüstriyel hammaddeler alt komisyonu, genel endüstri mineralleri çalışma grubu raporu / _cDevlet Planlama Teşkilatı. |
| 246 | 3 | 6 | _aSekizinci beş yıllık kalkınma planı Madencilik Özel İhtisas Komisyonu :Endüstriyel hammaddeler alt komisyonu, genel endüstri mineralleri çalışma grubu raporu |
| 246 | 3 | 0 | _aEndüstriyel hammaddeler alt komisyonu, genel endüstri mineralleri çalışma grubu raporu |
| 264 | 1 |
_aAnkara : _bDPT, _c2001- |
|
| 300 |
_a4 volumes : _btables ; _c27 cm |
||
| 336 |
_atext _btxt _2rdacontent |
||
| 337 |
_aunmediated _bn _2rdamedia |
||
| 338 |
_avolume _bnc _2rdacarrier |
||
| 490 | 0 |
_aSekizinci beş yıllık kalkınma planı ; _vyayın no :DPT. 2618, 2620, 2621-ÖİK.629, 631, 632 |
|
| 500 | _a"DPT'nin 41. yılı." | ||
| 500 | _a"Ankara 2001." | ||
| 505 | 0 |
_gv. 1. _tAsbest-grafit-kalsit-fluorit-titanyum.-- _gv. 2. _tMika-zeolit-lületaşı -- _gv. 3. _tNadir toprak elementleri-kıymetli ve yarı kıymetli taşlar.-- _gv. 4. _tBentonit-barit-diatomit-aşandırıcılar. |
|
| 650 | 0 |
_aMineral endüstrisi _zTürkiye _944237 |
|
| 650 | 7 |
_aMetal ticareti _zTürkiye _2etuturkob _944236 |
|
| 650 | 0 |
_aMadenler ve mineral kaynakları _zTürkiye _9100127 |
|
| 710 | 2 |
_aDevlet Planlama Teşkilatı (Türkiye). _bMadencilik Özel İhtisas Komisyonu. _bEndüstriyel Hammaddeler Alt Komisyonu _937220 |
|
| 856 | 4 | 1 |
_zOnline access link to the resource (v. 1) _uhttps://www.sbb.gov.tr/wp-content/uploads/2018/11/08_Madencilik_SanayiHammaddeleri_AsbetGrafitKalsitFluorit.pdf |
| 856 | 4 | 1 |
_zOnline access link to the resource (v. 2) _uhttps://www.sbb.gov.tr/wp-content/uploads/2018/11/08_Madencilik_SanayiHammaddeleri_MikaZeolitLuletasi.pdf |
| 856 | 4 | 1 |
_zOnline access link to the resource (v. 3) _uhttps://www.sbb.gov.tr/wp-content/uploads/2018/11/08_Madencilik_Sanayi-Hammaddeleri_NadirToprakElementleriKiymetliveYari-KiymetliTaslar-.pdf |
| 856 | 4 | 1 |
_zOnline access link to the resource (v. 4) _uhttps://www.sbb.gov.tr/wp-content/uploads/2018/11/08_Madencilik_SanayiHammaddeleri_BentonitBaritDiotoit.pdf |
| 942 |
_2lcc _cBK |
||